| 000 | 00388nam a2200133Ia 4500 | ||
|---|---|---|---|
| 005 | 20260328104253.0 | ||
| 008 | 260328s9999||||xx |||||||||||||| ||und|| | ||
| 100 | _aSalinas Flores, Óscar | ||
| 245 | 0 |
_aTres decadas Enseñando / _cÓscar Salinas Flores |
|
| 260 | _bCentro de Investigaciones de Diseño Industrial (CIDI) | ||
| 300 | _a78 p. | ||
| 650 | _aDISEÑO INDUSTRIAL | ||
| 942 | _cBK | ||
| 999 |
_c10341 _d10341 |
||